Las técnicas de administración de personal
Tallennettuna:
| Päätekijä: | |
|---|---|
| Aineistotyyppi: | Kirja |
| Kieli: | espanja |
| Julkaistu: |
Santiago
Instituto Profesional de Administración y Negocios Manpower
1987
|
| Aiheet: | |
| Tagit: |
Lisää tagi
Ei tageja, Lisää ensimmäinen tagi!
|
MARC
| LEADER | 00000nam a2200000 a 4500 | ||
|---|---|---|---|
| 001 | UCT2754 | ||
| 003 | CL-VaPUC | ||
| 008 | 961011e19870000CL |||||||||||||||||spa|d | ||
| 082 | 0 | 4 | |a 658.311 |b PER |2 21 |
| 100 | 0 | |a Persico Jiménez, Pablo |e author |9 371776 | |
| 245 | 1 | 4 | |a Las técnicas de administración de personal |
| 300 | |a 323 p | ||
| 942 | |c BK | ||
| 945 | |d 19961011 00:00:00 |a rbrito | ||
| 260 | |a Santiago |b Instituto Profesional de Administración y Negocios Manpower |c 1987 | ||
| 650 | 0 | |a Administración del personal |9 260442 | |
| 650 | 7 | |a EVALUACION DE CARGOS |2 CL-VaPUC |9 263779 | |
| 650 | 0 | |a Capital humano |9 260441 | |
| 650 | 7 | |a CAPACITACION |2 CL-VaPUC |9 333907 | |
| 650 | 7 | |a REMUNERACIONES |2 CL-VaPUC |9 371777 | |
| 650 | 7 | |a MEDICION DEL TRABAJO |2 CL-VaPUC |9 260996 | |
| 650 | 7 | |a PERFECCIONAMIENTO OCUPACIONAL |2 CL-VaPUC |9 371778 | |
| 650 | 0 | |a Análisis ocupacional |9 259861 | |
| 650 | 7 | |a PLANIFICACION |2 CL-VaPUC |9 260802 | |
| 650 | 0 | |a Recursos humanos |9 228420 | |
| 583 | |a last modification |c 19961011 00:00:00 |k Rodrigo Vera | ||
| 999 | |c 252727 |d 252725 | ||
| 952 | |0 0 |1 0 |4 0 |6 658_311000000000000_PER_1987 |7 0 |8 A |9 272780 |a BIBENE |b BIBENE |d 2019-11-19 |i 3238687 |o 658.311 PER 1987 |p 3238687 |r 2025-01-15 |w 2019-11-19 |y BK |k ICO | ||